000 00532ntaaa2200205 4500
003 01
005 20251027202447.0
008 0714s1973 ag 01
040 _aAR-BaBN
_bspa
_cAR-BaBN
_eaacr
_dRIC
082 _a266.095124 Sh8
100 _aShort, Jaxie
_923497
245 _aFragrant harbor
250 _a1 ed.
260 _aNashville :
_bConvention Press,
_cc1962
300 _a122 p.
500 _ala obra misionera bautista en Hong Kong
650 _aHong Kong
_923498
650 _aMisiones-Hong Kong
_923499
942 _cBK
999 _c19614
_d19614